000
00325nam a2200133Ia 4500
008
151021s9999 xx 000 0 und d
020
_a
553584537
050
_a
PS 3557.A7132 A79 2005
245
_a
_Alone
260
_a
USA Bantam Books 2005
300
_a
451p
650
_a
_Novel
980
_a
^d20130214 10:05:55^oanne
999
_c
12881
_d
12881